000 00461nam a2200145 i 4500
001 82800
003 ES-MaACL
005 20230906174732.0
007 t|
008 041112s1970 sp ||||1| spa d
245 0 3 _aLa independencia de la Justicia
_b: coloquios organizados por el Círculo de Estudios Jurídicos de Madrid.
260 _aMadrid :
_bCírculo de Estudios Jurídicos,
_c1970.
300 _a110 p. ;
_c24 cm.
852 _aES-MaACL
_jC-41739
_bR.73331
999 _c82800
_d82800